50 Marys Quiz Stats

 Plays Quiz not verified by Sporcle

Also try: 50 Johns
Challenge
Share
Tweet
Embed
Score 0/50 Timer 10:00
0 Plays Today
% Correct
Jane
85.7%
Magdalene
82.1%
Shelley
78.6%
Todd Lincoln
78.6%
Poppins
78.6%
J. Blige
75%
Boleyn
71.4%
Tyler Moore
67.9%
I
53.6%
Pickford
50%
Sue
50%
Stuart
46.4%
Wollstonecraft
46.4%
II
46.4%
-le-Bone
46.4%
Higgins Clark
42.9%
Baker Eddy
42.9%
Celeste
42.9%
Martin
39.3%
Rose
35.7%
of Zion
35.7%
of Teck
32.1%
: A Fiction
32.1%
Ann Nichols
32.1%
WelaĆ½aty
32.1%
% Correct
McLeod Bethune
32.1%
Mack
28.6%
Wells
28.6%
the Jewess
25%
Hopkin
25%
of Guise
25%
Surratt
25%
Whitehouse
21.4%
Bell
21.4%
Jane Kelly
21.4%
Travers
17.9%
Chapin Carpenter
17.9%
Melody
14.3%
Edwards Walker
14.3%
Livermore
10.7%
Ann
10.7%
Baker
10.7%
Toft
10.7%
Dyer
7.1%
Ann Bickerdyke
7.1%
Martha Sherwood
7.1%
Anning
7.1%
Nolan
7.1%
White Ovington
3.6%
Carpenter
3.6%

You're not logged in!

Compare scores with friends on all Sporcle quizzes.
Join for Free
OR
Log In

You Might Also Like...

Show Comments

Extras

Created Jul 12, 2016ReportNominate
Tags:Clickable Quiz, mary

Top Quizzes Today


Score Distribution

Your Account Isn't Verified!

In order to create a playlist on Sporcle, you need to verify the email address you used during registration. Go to your Sporcle Settings to finish the process.

Report this User

Report this user for behavior that violates our Community Guidelines.

Details: